000 00594nam a2200181Ia 4500
003 GCL
008 140319s9999 xx 000 0 ara d
040 _aGCL /
_cGCL
082 0 4 _aط
_b239
_bا س
100 1 _aابن هشام ابى محمد عبدالملك
245 1 0 _aالسيرة النبوية /
_cابن هشام ابى محمد عبدالملك
700 1 _aابن هشام، ابومحمد عبدالله
260 _a[S.N] :
_bمطبعة الانوار المحمدية
490 _a
650 0 4 _aالاسلام
650 0 4 _aالسيرة النبوية
942 _2ddc
_cBK
999 _c59054
_d59054